Simpsons Episodes Seasons 1-10 - Statistics

General Stats
  • This quiz has been taken 461 times
    456 since last reset
  • The average score is 113 of 226
Answer Stats
# Season 1 % Correct
1 {Bart} Gets an "F"
91%
15 I Love {Lisa}
84%
9 Itchy & Scratchy & {Marge}
84%
3 {Treehouse} {of} {Horror}
82%
7 {Treehouse} {of} {Horror} II
82%
5 {Treehouse} {of} {Horror} III
82%
5 {Treehouse} {of} {Horror} IV
82%
4 {Treehouse} {of} {Horror} IX
82%
6 {Treehouse} {of} {Horror} V
82%
6 {Treehouse} {of} {Horror} VI
82%
1 {Treehouse} {of} {Horror} VII
82%
4 {Treehouse} {of} {Horror} VIII
82%
1 Who Shot {Mr.} {Burns} (Part 2)
81%
25 Who Shot {Mr.} {Burns} (Part One)
81%
13 And {Maggie} Makes Three
78%
17 Last Exit to {Springfield}
77%
10 {Flaming} Moe's
76%
1 Simpsons {Roasting} {on} {an} {Open} {Fire}
76%
17 Homer vs. {Patty} and Selma
75%
3 {Another} Simpsons Clip Show
73%
4 Bart Sells His {Soul}
73%
2 Cape {Feare}
73%
6 {Itchy} & {Scratchy}: The Movie
73%
11 The Crepes of {Wrath}
73%
14 The Itchy & Scratchy & {Poochie} Show
73%
2 A {Streetcar} Named Marge
71%
16 Bart's {Dog} Gets an "F"
71%
2 Mr. Lisa Goes to {Washington}
71%
23 Much Apu {About} {Nothing}
71%
5 {Sideshow} Bob Roberts
71%
3 When {Flanders} Failed
71%
2 Bart the {Genius}
70%
4 Two Cars in Every Garage and {Three} {Eyes} on Every Fish
70%
14 Das {Bus}
69%
22 Krusty Gets {Kancelled}
69%
1 Stark Raving {Dad}
69%
11 {Burns} Verkaufen der Kraftwerk
68%
18 So It's Come to This: A Simpsons {Clip} {Show}
68%
1 {Kamp} Krusty
67%
12 Marge vs. the {Monorail}
67%
13 Some {Enchanted} Evening
67%
19 A {Fish} Called Selma
66%
1 The City of {New} {York} vs. Homer Simpson
66%
4 Burns, {Baby} Burns
65%
24 {Lemon} of Troy
64%
13 {Radio} Bart
64%
6 A {Milhouse} Divided
63%
1 Bart of {Darkness}
63%
3 Homer's {Odyssey}
63%
22 Secrets of a Successful {Marriage}
63%
10 {Grandpa} vs. Sexual Inadequacy
62%
3 Homer Goes to {College}
62%
12 Homer the {Great}
62%
10 Miracle on {Evergreen} {Terrace}
62%
8 {New} {Kid} on the Block
62%
15 {Oh} {Brother}, Where Art Thou?
62%
2 The Principal and the {Pauper}
62%
17 Homer at the {Bat}
61%
6 {Moaning} Lisa
60%
13 {Selma}'s Choice
60%
15 The Last Temptation of {Krust}
60%
21 22 {Short} {Films} About Springfield
59%
11 Fear of {Flying}
59%
12 I {Married} Marge
59%
22 In Marge {We} {Trust}
59%
8 Lisa on {Ice}
59%
2 {Radioactive} Man
59%
8 The Telltale {Head}
59%
12 Krusty Gets {Busted}
58%
21 Lady {Bouvier}'s Lover
58%
6 Marge on the {Lam}
58%
20 Two Dozen and One {Greyhounds}
58%
20 {Whacking} Day
58%
2 You Only {Move} {Twice}
58%
16 {Duff}less
57%
4 Itchy & Scratchy {Land}
57%
6 Bart {Star}
56%
24 Brother, Can You Spare {Two} {Dimes}?
56%
21 Marge in {Chains}
56%
25 {Summer} of a 4 Ft. 2
56%
19 Sweet {Seymour} {Skinner}'s Baadasssss Song
56%
21 The {PTA} Disbands
56%
12 The Way {We} {Was}
56%
5 Bart the {General}
55%
15 {Homie} the Clown
55%
9 Life on the {Fast} {Lane}
55%
9 Mr. {Plow}
55%
2 Simpson and {Delilah}
55%
11 {All} {Singing}, All Dancing
54%
19 Dog of {Death}
54%
8 {Hurricane} Neddy
54%
11 One Fish, Two Fish, {Blowfish}, Blue Fish
54%
10 The Simpsons 138th {Episode} {Spectacular}
54%
17 Bart Gets an {Elephant}
53%
8 {Boy}-{Scoutz} 'n the Hood
53%
17 Old {Money}
53%
10 The Springfield {Files}
53%
16 Bart vs. {Australia}
52%
9 Reality {Bites}
52%
4 There's No {Disgrace} Like Home
52%
3 Bart the {Mother}
51%
18 Burns' {Heir}
51%
6 Like Father, Like {Clown}
51%
8 {Mother} Simpson
51%
17 My Sister, My {Sitter}
51%
9 Saturdays of {Thunder}
51%
13 {Two} {Bad} Neighboors
51%
18 Brush with {Greatness}
49%
3 Homer the {Heretic}
49%
13 Homer vs. Lisa and the {8th} {Commandment}
49%
1 {Lard} of the Dance
49%
12 Mountain of {Madness}
49%
21 Three Men and a {Comic} {Book}
49%
15 Bart the {Fink}
48%
5 {Dancin'} Homer
48%
6 Dead {Putting} Society
48%
9 The {Last} {Temptation} of Homer
48%
20 The {War} of the Simpsons
48%
3 Lisa's {Sax}
47%
18 Separate {Vocations}
47%
7 The {Call} of the Simpsons
47%
23 Bart's Friend {Falls} {in} {Love}
46%
19 Grade School {Confidential}
46%
9 Homer {Badman}
46%
13 Simpsoncalifragilisticexpiala({Annoyed} {Grunt})cious
46%
22 Trash of the {Titans}
46%
6 D'oh-in' in the {Wind}
45%
2 Lisa's {Rival}
45%
5 Lisa the {Vegetarian}
45%
22 Raging Abe Simpson and His Grumbling Grandson in "The Curse of the {Flying} {Hellfish}
45%
9 Sideshow Bob's Last {Gleaming}
45%
20 The Boy {Who} {Knew} {Too} {Much}
45%
18 The Day the {Violence} Died
45%
13 The Joy of {Sect}
45%
7 The Two Mrs. {Nahasapeemapetilons}
45%
18 A {Star} is {Burns}
44%
22 Blood {Feud}
44%
23 Homer's {Enemy}
44%
8 Lisa's {Pony}
44%
25 Natural Born {Kissers}
44%
22 The {Otto} Show
44%
23 The Springfield {Connection}
44%
13 Homer and {Apu}
43%
13 Homer to the {Max}
43%
7 {King}-{Size} Homer
43%
10 $pringfield (or How I Learned to Stop Worrying and Love {Legalized} {Gambling})
43%
21 Black {Widower}
42%
9 El Viaje Misterioso de Nuestro Jomer (The {Mysterious} {Voyage} of Homer)
42%
22 {Round} Springfield
42%
14 Scenes from the {Class} {Struggle} in Springfield
42%
20 The {Canine} Mutiny
42%
22 They Saved Lisa's {Brain}
42%
14 Lisa the {Greek}
41%
16 Lisa the {Iconoclast}
41%
17 Lisa the {Simpson}
41%
20 Bart on the {Road}
40%
16 Bart the {Lover}
40%
7 Bart vs. {Thanksgiving}
40%
16 Brother from {Another} {Series}
40%
10 Homer's {Night} {Out}
40%
3 {Home} {Sweet} Homediddly-Dum-Doodily
40%
14 Principal {Charming}
39%
12 Sunday, {Cruddy} Sunday
39%
10 Viva {Ned} {Flanders}
39%
10 Bart Gets {Hit} {by} {a} {Car}
38%
14 Bart's {Comet}
38%
8 Bart the {Daredevil}
38%
14 Brother from the {Same} {Planet}
38%
19 Lisa's {Substitute}
38%
14 Lisa vs. {Malibu} {Stacy}
38%
21 {Monty} Can't Buy Me Love
38%
24 The Simpsons {Spin}-{Off} Showcase
38%
5 The {Cartridge} Family
37%
3 The Homer {They} {Fall}
37%
5 {When} {You} {Dish} Upon a Star
37%
1 Homer's {Barbershop} {Quartet}
36%
17 Homer the {Smithers}
36%
11 Marge {Be} {Not} {Proud}
36%
21 The {Old} {Man} and Lisa
36%
2 The {Wizard} of Evergreen Terrace
36%
18 This Little {Wiggy}
36%
4 Bart the {Murderer}
35%
9 {Mayored} to the Mob
35%
25 The {Secret} {War} of Lisa Simpson
35%
23 Thirty Minutes {Over} {Tokyo}
35%
11 {Wild} {Barts} Can't Be Broken
35%
12 Bart Gets {Famous}
34%
23 King {of} {the} {Hill}
34%
17 Maximum {Homerdrive}
34%
4 {Rosebud}
34%
15 {Deep} {Space} Homer
33%
21 Girly {Edition}
32%
15 Homer's {Phobia}
32%
15 Marge Simpson in: Screaming {Yellow} {Honkers}
32%
5 Homer {Defined}
31%
18 Homer vs. the {Eighteenth} {Amendment}
31%
10 Lisa's {First} {Word}
31%
20 The Old Man and the"{C}" {Student}
31%
20 The Trouble with {Trillions}
31%
11 Homer's {Triple} {Bypass}
30%
7 Bart's {Girlfriend}
29%
8 Lisa the {Skeptic}
28%
11 The {Twisted} {World} of Marge Simpson
28%
7 Bart's {Inner} {Child}
27%
20 {Colonel} Homer
27%
15 Homer {Alone}
27%
7 Lisa {Gets} {an} "{A}"
27%
4 Lisa the {Beauty} {Queen}
27%
19 Mom and {Pop} {Art}
27%
19 Simpson {Tide}
27%
16 {Dumbbell} Indemnity
26%
19 The {Front}
26%
24 {Homerpalooza}
25%
7 Lisa's {Date} {With} {Density}
24%
5 Bart {After} {Dark}
22%
8 Homer Simpson in: {Kidney} {Trouble}
22%
7 Marge {Gets} {a} {Job}
22%
14 I'm with {Cupid}
21%
12 Bart {Carny}
20%
11 Homer the {Vigilante}
20%
24 {Lost} {Our} Lisa
20%
12 {Team} Homer
20%
19 Lisa's {Wedding}
19%
16 {Make} {Room} for Lisa
19%
16 Homer {Loves} {Flanders}
17%
18 Simpsons {Bible} {Stories}
11%
No matching quizzes found
Score Distribution
Percent of People with Each Score
Percentile by Number Answered
Your Score History
You have not taken this quiz since the last reset